Men's ATP Tennis Rankings 2019 - Statistics

General Stats
  • This quiz has been taken 219 times
  • The average score is 26 of 32
Answer Stats
Move since last year # Country Player % Correct
-1 2 Serbia Novak Djokovic
100%
+1 1 Spain Rafael Nadal
100%
- 3 Switzerland Roger Federer
100%
-3 7 Germany Alexander Zverev
99%
+4 4 Austria Dominic Thiem
99%
+9 6 Greece Stefanos Tsitsipas
99%
+11 5 Russia Daniil Medvedev
98%
+19 10 France Gael Monfils
94%
-1 20 Bulgaria Grigor Dimitrov
94%
-4 13 Japan Kei Nishikori
94%
+50 16 Switzerland Stan Wawrinka
94%
+11 11 Belgium David Goffin
92%
+46 8 Italy Matteo Berrettini
91%
-9 19 United States John Isner
90%
+45 23 Russia Andrey Rublev
88%
+1 12 Italy Fabio Fognini
87%
+12 15 Canada Denis Shapovalov
86%
+3 14 Argentina Diego Schwartzman
86%
+35 30 Australia Nick Kyrgios
84%
+15 9 Spain Roberto Bautista Agut
82%
-13 31 Canada Milos Raonic
81%
+13 18 Australia Alex de Minaur
80%
-6 17 Russia Karen Khachanov
78%
+88 21 Canada Felix Auger Aliassime
76%
-16 28 Croatia Borna Coric
68%
+228 29 France Jo Wilfried Tsonga
67%
-3 27 Spain Pablo Carreno Busta
67%
-5 26 Georgia Nikoloz Basilashvili
65%
+17 32 United States Taylor Fritz
55%
+28 24 France Benoit Paire
51%
+10 22 France Lucas Pouille
44%
+33 25 Argentina Guido Pella
28%
No matching quizzes found
Score Distribution
Percent of People with Each Score
Percentile by Number Answered
Your Score History
You have not taken this quiz